The Colombian peace process of 1982-1984, and its implications for Central America

Na minha lista:
Detalhes bibliográficos
Autor principal: Deas, Malcom
Formato: Texto
Publicado em: Bogota: Universidad de los Andes
Tags: Adicionar Tag
Sem tags, seja o primeiro a adicionar uma tag!

MARC

LEADER 00000 a a2200000 04500
001 21449
003
040
090 |a 094600  
100 |a Deas, Malcom  
245 |a The Colombian peace process of 1982-1984, and its implications for Central America  
260 |a Bogota:   |b Universidad de los Andes  
300 |a 35 p.  
999 |c 1105  |d 1105